000 00521nam a2200217Ia 4500
005 20250425161243.0
008 250425s9999 xx 000 0 und d
020 _a0201015102
041 _aeng
082 _a530.133
100 _aDICKE, ROBERT H.
245 0 _aINTRODUCTION TO QUANTUM MECHANICS
250 _aS.E.
260 _aEstados Unidos
_bADDISON - WESLEY
_c1960
260 _aREADING
300 _a369
650 _aMECANICA CUANTICA
700 _aWITTKE, JAMES P.
942 _c01
010 _a16202
999 _c205519
_d205519